Postwar growth of the Japanese economy / (Record no. 53522)
[ view plain ]
| 000 -LEADER | |
|---|---|
| fixed length control field | 00760nam a2200253 a 4500 |
| 001 - CONTROL NUMBER | |
| control field | 53522 |
| 003 - CONTROL NUMBER IDENTIFIER | |
| rucl marc code | BD-RjUL |
| 005 - DATE AND TIME OF LATEST TRANSACTION | |
| control field | 20211209075957.0 |
| 008 - FIXED-LENGTH DATA ELEMENTS--GENERAL INFORMATION | |
| fixed length control field | 161016s1964 ja eng u |
| 035 ## - SYSTEM CONTROL NUMBER | |
| System control number | (OCoLC)1549548 |
| System control number | (OCoLC)ocm01549548 |
| System control number | (BD-RjUL)53643 |
| System control number | (NNC)2519820 |
| 040 ## - CATALOGING SOURCE | |
| Modifying agency | UPvMLC |
| -- | UPvMLC |
| Original cataloging agency | BD-RjUL |
| Language of cataloging | eng |
| Transcribing agency | BD-RjUL |
| 041 ## - LANGUAGE CODE | |
| Language code of text/sound track or separate title | eng |
| 082 ## - DEWEY DECIMAL CLASSIFICATION NUMBER | |
| Edition number | 23 |
| Classification number | 338.952 |
| Author mark and year | POS 1964 |
| 090 ## - LOCALLY ASSIGNED LC-TYPE CALL NUMBER (OCLC); LOCAL CALL NUMBER (OCLC) | |
| Classification number (OCLC) (R) ; Classification number, CALL (RLIN) (NR) | HC462.9 |
| Local cutter number (OCLC) ; Book number/undivided call number, CALL (RLIN) | .J275 |
| 245 10 - TITLE STATEMENT | |
| Title | Postwar growth of the Japanese economy / |
| Remainder of title | the Japan Development Bank / |
| 260 ## - PUBLICATION, DISTRIBUTION, ETC. (IMPRINT) | |
| Place of publication, distribution, etc. | Tokyo, |
| Date of publication, distribution, etc. | 1964. |
| 300 ## - PHYSICAL DESCRIPTION | |
| Pagination | 143 p. : |
| Illustrations | ill. ; |
| Size | 29 cm. |
| 650 ## - SUBJECT ADDED ENTRY--TOPICAL TERM | |
| Topical term or geographic name as entry element | Economic Development & Growth |
| General subdivision | Japan |
| Chronological subdivision | 1945- 1964. |
| 9 (RLIN) | 159984 |
| 700 ## - ADDED ENTRY--PERSONAL NAME | |
| Personal name | The Japan Development Bank |
| 942 ## - ADDED ENTRY ELEMENTS (KOHA) | |
| Source of classification or shelving scheme | Dewey Decimal Classification |
| Koha item type | Books |
| Lost status | Source of classification or shelving scheme | Damaged status | Not for loan | Collection code | Permanent Location | Current Location | Shelving location | Date acquired | Total Checkouts | Full call number | Date last seen | Copy number | Koha item type |
|---|---|---|---|---|---|---|---|---|---|---|---|---|---|
| Dewey Decimal Classification | Non-fiction | Central Library, University of Rajshahi | Central Library, University of Rajshahi | 01/01/1969 | 338.952 POS 1964 | 17/10/2016 | C-2 | Books |